000
00285nam a22001217a 4500
008
170623b xxu||||| |||| 00| 0 eng d
041
_a
eng
080
_2
3 ED
_a
32
100
_a
21
101
_a
SHP
245
_a
THE PAOPLE POLICIESOF SOUTH AFRICA
_c
MARQUARD
942
_2
udc
_c
BK
999
_c
18996
_d
18996